| Tag |
First Indicator |
Second Indicator |
Subfields |
| LEADER |
00000cam a2200000 4500 |
| 001 |
in00000068902 |
| 005 |
20151008050848.0 |
| 008 |
721121s1944 nyu 00000 eng u |
| 010 |
|
|
|a 44009959
|
| 035 |
|
|
|a (OCoLC)00500146
|
| 035 |
|
|
|9 AAG3885AM
|
| 040 |
|
|
|c KSU
|d TXA
|d UtOrBLW
|
| 049 |
|
|
|a TXAM
|c [134014]
|
| 090 |
|
|
|a KF382
|b .G7 1944
|
| 092 |
|
|
|a 340.9
|b G878w
|
| 100 |
1 |
|
|a Gross, Fred Louis,
|d 1878-
|
| 245 |
1 |
0 |
|a What is the verdict? /
|c By Fred L. Gross.
|
| 264 |
|
1 |
|a New York :
|b The Macmillan company,
|c 1944.
|
| 300 |
|
|
|a ix, 311 pages ;
|c 21 cm.
|
| 336 |
|
|
|a text
|b txt
|2 rdacontent
|
| 337 |
|
|
|a unmediated
|b n
|2 rdamedia
|
| 338 |
|
|
|a volume
|b nc
|2 rdacarrier
|
| 500 |
|
|
|a "First printing."
|
| 650 |
|
0 |
|a Legal stories.
|
| 999 |
|
|
|a MARS
|
| 999 |
f |
f |
|s 86d41779-d210-3c09-b9b5-9d7adfc2800a
|i 3d73c109-935a-3a8a-95ac-ffe8a7f09704
|t 0
|
| 952 |
f |
f |
|p ric
|a Texas A&M University
|b Rellis Campus
|c Joint Library Facility
|d Remote Storage
|t 0
|e KF382 .G7 1944
|h Library of Congress classification
|i unmediated -- volume
|m A14800780576
|
| 998 |
f |
f |
|a KF382 .G7 1944
|t 0
|l Remote Storage
|